The European Skills Agenda: A Strategic Framework for Sustainable Competitiveness, Social Fairness, and Resilience

Súčasná európska krajina je poznačená hlbokými transformáciami poháňanými zelenou a digitálnou transformáciou, ako aj trvalými dôsledkami pandémie COVID-19. V reakcii na to Európska únia spustila Európsky program v oblasti zručností pre udržateľnú konkurencieschopnosť, sociálnu spravodlivosť a odoln...

Ausführliche Beschreibung

Gespeichert in:
Bibliographische Detailangaben
1. Verfasser: Ožvoldová, Katarína, 1984-
Format: Buchkapitel
Sprache:Englisch
Schlagworte:
Tags: Tag hinzufügen
Keine Tags, Fügen Sie das erste Tag hinzu!

MARC

LEADER 00000naa$a2200000$$$4500
001 0313420
005 20251215133853.0
041 0 |a eng 
044 |a SK 
245 1 0 |a The European Skills Agenda: A Strategic Framework for Sustainable Competitiveness, Social Fairness, and Resilience  |c Katarína Ožvoldová 
520 |a Súčasná európska krajina je poznačená hlbokými transformáciami poháňanými zelenou a digitálnou transformáciou, ako aj trvalými dôsledkami pandémie COVID-19. V reakcii na to Európska únia spustila Európsky program v oblasti zručností pre udržateľnú konkurencieschopnosť, sociálnu spravodlivosť a odolnosť, päťročný plán navrhnutý tak, aby jednotlivcom a podnikom poskytli potrebné zručnosti na zvládnutie týchto zmien. Tento dokument poskytuje opisnú analýzu základných pilierov programu, jeho špecifických cieľov a jeho implementácie v kontexte Slovenskej republiky. Zdôrazňuje kľúčovú úlohu celoživotného vzdelávania pri riešení nedostatku zručností a podčiarkuje výzvy a pokrok v zosúlaďovaní vzdelávacích systémov s vyvíjajúcimi sa požiadavkami trhu práce. 
610 2 0 |a investície 
610 2 0 |a investície ekologické 
610 2 0 |a investície finančné 
610 2 0 |a investovanie 
610 2 0 |a investície spoločné 
610 2 0 |a pandémia 
610 2 0 |a konkurencieschopnosť 
610 2 0 |a zodpovednosť spoločenská 
100 1 |a Ožvoldová, Katarína, 1984-